000 00278nam a22001337a 4500
008 170609b xxu||||| |||| 00| 0 eng d
020 _a9780801893780
041 _aeng
080 _a327
100 _a19
101 _aSHP
245 _aDEMOCRACY
_cDIAMOND,L
942 _2udc
_cBK
999 _c16640
_d16640